Manual de clasificación para las transacciones financieras del sector público./ (Registro nro. 9720)

Detalles MARC
000 -LEADER
fixed length control field 00949nam a2200193Ia 4500
005 - FECHA Y HORA DE LA ÚLTIMA TRANSACCIÓN
control field 20250622112733.0
008 - FIXED-LENGTH DATA ELEMENTS--GENERAL INFORMATION
fixed length control field 231011s9999 xx 000 0 und d
040 ## - CATALOGING SOURCE
Original cataloging agency UPAN
Transcribing agency Biblioteca San Vicente
Description conventions RCAA2
041 ## - LANGUAGE CODE
Language code of text/sound track or separate title spa
082 ## - DEWEY DECIMAL CLASSIFICATION NUMBER
Classification number 332.042
Item number M565m
año de publicación 2017
110 ## - MAIN ENTRY--CORPORATE NAME
Corporate name or jurisdiction name as entry element Ministerio de Hacienda
Relator code aut.
245 #0 - TITLE STATEMENT
Title Manual de clasificación para las transacciones financieras del sector público./
Statement of responsibility, etc Ministerio de Hacienda
260 ## - PUBLICATION, DISTRIBUTION, ETC. (IMPRINT)
Place of publication, distribution, etc El Salvador:
Name of publisher, distributor, etc Dirección General del Presupuesto,
Date of publication, distribution, etc 2017
300 ## - PHYSICAL DESCRIPTION
Extent 306 p.;
Dimensions 28 cm.
505 ## - FORMATTED CONTENTS NOTE
Formatted contents note 1. Clasificador presupuestario de ingresos, <br/>2. Clasificador presupuestario de gastos, <br/>3. Clasificador económico de ingresos, <br/>4. Clasificador económico de gastos, <br/>5. Clasificador por tipo de gasto, <br/>6. Clasificador funcional del gasto público, <br/>7. Clasificador institucional del sector público
650 ## - SUBJECT ADDED ENTRY--TOPICAL TERM
Source of heading or term LEMB
Form subdivision Manual
General subdivision Compromiso (derecho)
650 ## - SUBJECT ADDED ENTRY--TOPICAL TERM
Source of heading or term LEMB
General subdivision Finanzas
942 ## - ADDED ENTRY ELEMENTS (KOHA)
Koha item type Libros
Source of classification or shelving scheme Dewey Decimal Classification
Existencias
Withdrawn status Lost status Source of classification or shelving scheme Damaged status Not for loan Collection code Home library Current library Date acquired Total Checkouts Full call number Barcode Date last seen Copy number Price effective from Koha item type
    Dewey Decimal Classification     Referencia Biblioteca UPAN San Vicente Biblioteca UPAN San Vicente 12/10/2023   332.042 M565m 12004112 12/10/2023 01 12/10/2023 Libros
    Dewey Decimal Classification     Referencia Biblioteca UPAN San Vicente Biblioteca UPAN San Vicente 12/10/2023   332.042 M565m 12004113 12/10/2023 02 12/10/2023 Libros
    Dewey Decimal Classification     Referencia Biblioteca UPAN San Vicente Biblioteca UPAN San Vicente 12/10/2023   332.042 M565m 12004114 12/10/2023 03 12/10/2023 Libros